Statistics for Largest cities in Cameroon

Click here to take the quiz!

General Stats

  • This quiz has been taken 87 times
  • The average score is 3 of 5

Answer Stats

City% Correct
Yaounde
98%
Douala
96%
Garoua
44%
Bamenda
42%
Bafoussam
35%

Score Distribution

Percentile by Number Answered

Percent of People with Each Score

Your Score History

You have not taken this quiz